00402nam a22001337a 450000500170000000800410001704100120005808200130007010000120008324500610009526000620015630000250021865000250024320240827132910.0240827b |||||||| |||| 00| 0 eng d aEnglish a349 SEL  lEnglish aThe Selective Voet being the Commentary on the Pandects  aLondon: bButterworth and Company Publishers Ltd, c1958  b327 pages; c28 cm.  aLegal practice bLaw